000 00516nam a22001697a 4500
999 _c14775
_d14775
008 191210b ||||| |||| 00| 0 eng d
020 _a978-971-98-1017-9
082 _22018
_aDFil 170
_bC191
100 _aCariño, Jovito V.
_940858
245 _aFundamentals of ethics /
_cJovito V. Cariño
260 _aQuezon City :
_bC & E Publishing Inc.,
_c©2018
300 _axi, 187 pages :
_billustrations ;
_c22 cm
500 _aIncludes index.
650 _aEthics
_940859
365 _b268.00
_cPhp
942 _2ddc
_cDFIL